| 000 | 01121nam a2200301Ia 4500 | ||
|---|---|---|---|
| 003 | OSt | ||
| 005 | 20221005110632.0 | ||
| 006 | a|||||r|||| 00| 0 | ||
| 007 | ta | ||
| 008 | 221004b |||||||| |||| 00| 0 hin d | ||
| 020 |
_a8126312106 (hbk) _cINR 65.00 |
||
| 024 | _a37137 | ||
| 037 |
_bBW/1687, 15/03/2018, Bookwell _cTextual |
||
| 040 |
_aCRL _cCRL _bhin |
||
| 041 |
_2hin _ahin |
||
| 082 | _aO152,3NDI,SK, Q0 | ||
| 100 | _aडिमरी, जयवन्ती, ले. | ||
| 245 | 0 | _aसुरजू के नाम | |
| 246 | _aSurajū ke nāma | ||
| 250 | _aसंस्करण 2 | ||
| 260 |
_aनई दिल्ली _bभारतीय ज्ञानपीठ भारत _c2010 |
||
| 300 |
_a87पृ0 _ccm. |
||
| 490 | _aलोकोदय ग्रन्थमाला; ग्रन्थांक 818 | ||
| 650 | _a हिन्दी साहित्य | ||
| 650 | _aहिन्दी कहानी | ||
| 942 |
_hO152,3NDI,SK, Q0 _cTEXL _2cc |
||
| 999 |
_c1019415 _d1019415 |
||